[Event "Intermat"]
[Site "Burnaby CAN"]
[Date "2025.06.08"]
[Round "1.5"]
[White "Zhu, Daniel"]
[Black "Wang, Harvey"]
[Result "1-0"]
[WhiteElo "1924"]
[BlackElo "1403"]
[WhiteFideId "-1"]
[WhiteFideId "-1"]
[PlyCount "153"]
[GameId "2192962065456260"]
[EventDate "2025.06.08"]
[EventType "match"]
[EventRounds "2"]
[EventCountry "CAN"]
[WhiteTeam "BC"]
[BlackTeam "WA"]

1. d4 Nf6 2. Nf3 g6 3. c4 Bg7 4. Nc3 d6 5. e4 O-O 6. h3 e5 7. dxe5 dxe5 8. Be3 Nc6 9. Be2 Be6 10. O-O Qxd1 11. Raxd1 Rad8 12. b3 a6 13. Bg5 h6 14. Bh4 g5 15. Bg3 Nh5 16. Bh2 Nf4 17. Rfe1 Nb4 18. Bxf4 exf4 19. e5 Nc2 20. Rf1 Nb4 21. a3 Nc6 22. Ne4 Nxe5 23. Nc5 Bc8 24. Nxe5 Bxe5 25. Bf3 c6 26. Na4 Bf5 27. Nc5 Bc8 28. b4 Bd4 29. Na4 Bf5 30. Rd2 Bf6 31. Rfd1 Be6 32. Nc5 Bc8 33. Kf1 Rxd2 34. Rxd2 Rd8 35. Ke2 Kf8 36. Rxd8+ Bxd8 37. Bg4 Bxg4+ 38. hxg4 b6 39. Nxa6 Ke7 40. Kd3 Ke6 41. Ke4 Kd6 42. Kf5 Be7 43. a4 Bd8 44. Ke4 Be7 45. c5+ bxc5 46. Nxc5 Kc7 47. a5 Kb8 48. Nd7+ Kc7 49. a6 Bxb4 50. a7 Kb7 51. Ne5 f6 52. Nxc6 Bc3 53. Kf5 Bb2 54. Kg6 Bc3 55. Kxh6 Bb2 56. Kg6 Bc3 57. Ne7 Kxa7 58. Nd5 Bd2 59. Nxf6 Kb7 60. f3 Kc7 61. Kxg5 Kd6 62. Ne4+ Ke5 63. Nxd2 Ke6 64. Kxf4 Kf6 65. g5+ Kg6 66. g4 Kg7 67. Kf5 Kf7 68. f4 Kg7 69. g6 Kg8 70. Kg5 Kg7 71. f5 Kf8 72. f6 Kg8 73. Kh6 Kh8 74. Ne4 Kg8 75. Nd6 Kh8 76. g7+ Kg8 77. f7# 1-0

[Event "Intermat"]
[Site "Burnaby CAN"]
[Date "2025.06.08"]
[Round "1.6"]
[White "Zhang, Xavier"]
[Black "Wang, Hengsheen"]
[Result "1-0"]
[WhiteElo "1602"]
[BlackElo "1202"]
[WhiteFideId "-1"]
[WhiteFideId "-1"]
[PlyCount "125"]
[GameId "2192962065468549"]
[EventDate "2025.06.08"]
[EventType "match"]
[EventRounds "2"]
[EventCountry "CAN"]
[WhiteTeam "BC"]
[BlackTeam "WA"]

1. d4 d5 2. Bf4 Nc6 3. e3 Nf6 4. c4 e6 5. Nf3 Bd6 6. Bg3 Bd7 7. Nc3 O-O 8. cxd5 exd5 9. Bxd6 cxd6 10. Bd3 Be6 11. O-O Re8 12. Re1 a6 13. a3 Qb6 14. b4 Qa7 15. Qc2 b5 16. Nxb5 axb5 17. Qxc6 Red8 18. Qc2 Rac8 19. Qb3 Qb7 20. Nd2 Rc7 21. a4 bxa4 22. Rxa4 Nd7 23. b5 Rdc8 24. Ra6 Nb6 25. Qb4 Rd7 26. Rea1 Qc7 27. Qa5 Nc4 28. Bxc4 dxc4 29. Qxc7 Rdxc7 30. Rxd6 h6 31. Ne4 c3 32. Nc5 c2 33. Rc1 Ra8 34. b6 Re7 35. b7 Rb8 36. Rxc2 Rc7 37. Rb2 Kh7 38. h3 Kg8 39. Rdb6 Bd5 40. e4 Be6 41. d5 Bd7 42. Na6 Rc1+ 43. Kh2 Re8 44. b8=Q Rxb8 45. Rxb8+ Kh7 46. R2b7 Ba4 47. Rxf7 Rc2 48. d6 Rd2 49. e5 Bb3 50. Rxb3 Rd5 51. Rbb7 Rxe5 52. Rxg7+ Kh8 53. d7 Kxg7 54. d8=Q+ Kg6 55. Rb6+ Kf5 56. g4+ Ke4 57. Rb4+ Kf3 58. Qf6+ Ke2 59. Qxe5+ Kd3 60. Nc5+ Kd2 61. Rb2+ Kd1 62. Nd3 h5 63. Qe1# 1-0

[Event "Intermat"]
[Site "Burnaby CAN"]
[Date "2025.06.08"]
[Round "1.7"]
[White "Zhu, Aiden"]
[Black "Yun, Daniel"]
[Result "1/2-1/2"]
[WhiteElo "1620"]
[BlackElo "1444"]
[WhiteFideId "-1"]
[WhiteFideId "-1"]
[PlyCount "107"]
[GameId "2192962065480838"]
[EventDate "2025.06.08"]
[EventType "match"]
[EventRounds "2"]
[EventCountry "CAN"]
[WhiteTeam "BC"]
[BlackTeam "WA"]

1. c4 e5 2. g3 Nf6 3. Bg2 Nc6 4. Nc3 Bb4 5. e3 O-O 6. Nge2 Re8 7. O-O Be7 8. d4 exd4 9. exd4 h6 10. h3 a6 11. Be3 Rb8 12. Qd3 Nb4 13. Qd2 Nc6 14. Qd3 Nb4 15. Qd2 Nc6 16. Nd5 d6 17. Nxe7+ Qxe7 18. b4 Ne4 19. Qb2 Nxf2 20. Bxh6 Nxh3+ 21. Bxh3 Bxh3 22. Rf2 gxh6 23. Nf4 Qe3 24. Nxh3 Qxd4 25. a3 Qxb2 26. Rxb2 Ne5 27. Nf4 c6 28. Rc2 Ng6 29. Nh5 Re6 30. Rf1 Rd8 31. Rcf2 f5 32. Rxf5 Rf8 33. g4 Re5 34. Nf6+ Kh8 35. Nd7 Rexf5 36. gxf5 Rf7 37. Nb6 Ne7 38. f6 Ng8 39. Nc8 Rxf6 40. Rxf6 Nxf6 41. Nxd6 b5 42. cxb5 cxb5 43. Nb7 Nd7 44. Nc5 Nb8 45. Kf2 Kg7 46. Ke3 Kf6 47. Ke4 Ke7 48. Kf5 Kd6 49. a4 Kd5 50. axb5 axb5 51. Ne4 Kc4 52. Nd6+ Kxb4 53. Kg6 Kc5 54. Nxb5 1/2-1/2

[Event "Intermat"]
[Site "Burnaby CAN"]
[Date "2025.06.08"]
[Round "1.8"]
[White "Geng, Evan"]
[Black "Evin, Terrick"]
[Result "1/2-1/2"]
[WhiteElo "1489"]
[BlackElo "1416"]
[WhiteFideId "-1"]
[WhiteFideId "-1"]
[PlyCount "37"]
[GameId "2192962065489031"]
[EventDate "2025.06.08"]
[EventType "match"]
[EventRounds "2"]
[EventCountry "CAN"]
[WhiteTeam "BC"]
[BlackTeam "WA"]

1. d4 Nf6 2. c4 g6 3. Nc3 Bg7 4. e4 d6 5. f3 O-O 6. Be3 Nbd7 7. Nh3 c5 8. d5 e6 9. Qd2 exd5 10. exd5 Ne5 11. Nf2 a6 12. Bf4 Re8 13. Bxe5 Rxe5+ 14. Be2 Rb8 15. O-O Bd7 16. Nd3 Re8 17. Rfe1 b5 18. b3 b4 19. Nd1 1/2-1/2

[Event "Intermat"]
[Site "Burnaby CAN"]
[Date "2025.06.08"]
[Round "1.9"]
[White "Li, Moses"]
[Black "Wu, Shanna"]
[Result "1-0"]
[WhiteElo "1715"]
[BlackElo "1637"]
[WhiteFideId "-1"]
[WhiteFideId "-1"]
[PlyCount "137"]
[GameId "2192962065497224"]
[EventDate "2025.06.08"]
[EventType "match"]
[EventRounds "2"]
[EventCountry "CAN"]
[WhiteTeam "BC"]
[BlackTeam "WA"]

1. e4 e5 2. Nf3 Nc6 3. Bb5 Nf6 4. O-O Bc5 5. c3 O-O 6. d4 Bb6 7. Bg5 h6 8. Bxf6 Qxf6 9. Bxc6 Qxc6 10. d5 Qf6 11. Nbd2 d6 12. h3 Qg6 13. Kh1 Bd7 14. a4 a6 15. b4 f5 16. Qe2 fxe4 17. Nxe4 Qf7 18. c4 Bxh3 19. c5 Ba7 20. cxd6 Bf5 21. dxc7 Qxc7 22. Ng3 Rae8 23. Nxf5 Rxf5 24. Nh4 Rf6 25. Nf3 Qd6 26. Qd2 Bb8 27. Nh2 Rf4 28. Rab1 Rd4 29. Qa2 Qxd5 30. Qxd5+ Rxd5 31. Rfe1 Rf8 32. Kg1 Rf4 33. g3 Rc4 34. Nf1 Rdd4 35. b5 a5 36. Rbc1 Rxc1 37. Rxc1 Kf7 38. Ra1 Ba7 39. Ra2 Ke6 40. Kg2 Bc5 41. Kf3 e4+ 42. Ke2 Rd3 43. Nd2 Kd5 44. Rc2 Rd4 45. Nb3 Rc4 46. Rxc4 Kxc4 47. Nxa5+ Kb4 48. Nxb7 Bb6 49. a5 Bxa5 50. Nxa5 Kxa5 51. Ke3 Kxb5 52. Kxe4 Kc4 53. f4 g6 54. Ke5 Kd3 55. Kf6 Ke4 56. Kxg6 Kf3 57. f5 Kxg3 58. Kg7 Kh3 59. f6 Kg3 60. f7 Kh3 61. f8=Q Kg2 62. Qa3 Kf2 63. Qd3 Kg2 64. Kg6 Kh2 65. Kf5 Kg2 66. Kg4 Kh2 67. Qd2+ Kg1 68. Kg3 Kf1 69. Qf2# 1-0

[Event "Intermat"]
[Site "Burnaby CAN"]
[Date "2025.06.08"]
[Round "1.10"]
[White "Jain, Ishaan"]
[Black "Maharaja, Imai"]
[Result "0-1"]
[WhiteElo "1491"]
[BlackElo "1562"]
[WhiteFideId "-1"]
[WhiteFideId "-1"]
[PlyCount "148"]
[GameId "2192962065509513"]
[EventDate "2025.06.08"]
[EventType "match"]
[EventRounds "2"]
[EventCountry "CAN"]
[WhiteTeam "BC"]
[BlackTeam "WA"]

1. d4 Nf6 2. Nf3 d5 3. e3 g6 4. Be2 Bg7 5. O-O O-O 6. b3 Nbd7 7. Bb2 b6 8. c4 e6 9. Nbd2 Bb7 10. Rc1 c5 11. h3 Re8 12. Bd3 Ne4 13. Qc2 f5 14. Be2 cxd4 15. exd4 Rc8 16. Nxe4 dxe4 17. Ne5 Nxe5 18. dxe5 f4 19. Rcd1 Qg5 20. f3 Bxe5 21. Bxe5 Qxe5 22. fxe4 Bxe4 23. Qd2 Rcd8 24. Qxf4 Qxf4 25. Rxf4 Bf5 26. Rfd4 Rxd4 27. Rxd4 e5 28. Rd2 e4 29. g4 e3 30. Rd4 Bc8 31. Kf1 Kf7 32. Bf3 Kf6 33. h4 Be6 34. Ke2 Bc8 35. Rf4+ Kg7 36. g5 Bf5 37. Bd5 Bd3+ 38. Ke1 Bf5 39. h5 h6 40. gxh6+ Kxh6 41. hxg6 Bxg6 42. Bf7 Rf8 43. Rf6 Rxf7 44. Rxf7 Bxf7 45. Ke2 Kg5 46. Kxe3 Be8 47. Kd4 Kf6 48. a4 Ke6 49. c5 Bc6 50. cxb6 axb6 51. Kc4 Kd6 52. Kb4 Kc7 53. a5 b5 54. Kc5 Be8 55. b4 Bd7 56. Kd5 Be8 57. Kc5 Bc6 58. a6 Be8 59. a7 Kb7 60. a8=Q+ Kxa8 61. Kb6 Kb8 62. Ka6 Kc7 63. Ka5 Kd6 64. Ka6 Kd5 65. Kb6 Kc4 66. Ka5 Bd7 67. Ka6 Kxb4 68. Ka7 Ka5 69. Ka8 b4 70. Ka7 b3 71. Ka8 b2 72. Ka7 b1=Q 73. Ka8 Bc6+ 74. Ka7 Qb7# 0-1

[Event "Intermat"]
[Site "Burnaby CAN"]
[Date "2025.06.08"]
[Round "1.12"]
[White "Suresh, Bharath"]
[Black "Pai, Vihaan"]
[Result "1/2-1/2"]
[WhiteElo "1872"]
[BlackElo "1458"]
[WhiteFideId "-1"]
[WhiteFideId "-1"]
[PlyCount "73"]
[GameId "2192962065517706"]
[EventDate "2025.06.08"]
[EventType "match"]
[EventRounds "2"]
[EventCountry "CAN"]
[WhiteTeam "BC"]
[BlackTeam "WA"]

1. e4 e5 2. Nf3 Nc6 3. Bc4 Nf6 4. d3 Bc5 5. c3 d6 6. h3 h6 7. Nbd2 O-O 8. O-O a6 9. b4 Ba7 10. Re1 Be6 11. Bxe6 fxe6 12. Nf1 Nh5 13. Be3 Nf4 14. Bxa7 Nxa7 15. Kh2 Qf6 16. Re3 Nc6 17. g3 Ng6 18. N1d2 d5 19. exd5 exd5 20. Qb3 Rad8 21. Rae1 Kh8 22. R3e2 Qf5 23. b5 Nce7 24. bxa6 bxa6 25. Qc2 Nc6 26. Qa4 Rd6 27. d4 e4 28. Ng1 Rdf6 29. f3 Qg5 30. Re3 Nge7 31. Qd1 Nf5 32. R3e2 Qxg3+ 33. Kh1 e3 34. Nf1 Qd6 35. Rh2 Qf4 36. Qd3 Re8 37. Qxa6 1/2-1/2

[Event "Intermat"]
[Site "Burnaby CAN"]
[Date "2025.06.08"]
[Round "1.13"]
[White "Wu, Bowen"]
[Black "Yondon, Odbayar"]
[Result "0-1"]
[WhiteElo "1941"]
[BlackElo "1849"]
[WhiteFideId "-1"]
[WhiteFideId "-1"]
[PlyCount "110"]
[GameId "2192962065529995"]
[EventDate "2025.06.08"]
[EventType "match"]
[EventRounds "2"]
[EventCountry "CAN"]
[WhiteTeam "BC"]
[BlackTeam "WA"]

1. d4 Nf6 2. c4 e6 3. Nc3 d5 4. cxd5 exd5 5. Bg5 c6 6. e3 Bf5 7. Qb3 Qb6 8. Qxb6 axb6 9. Bxf6 gxf6 10. Nf3 Nd7 11. Nh4 Bg6 12. f4 h5 13. Be2 f5 14. Bd3 Nf6 15. Bxf5 Bxf5 16. Nxf5 h4 17. g3 hxg3 18. Nxg3 O-O-O 19. h3 Nh5 20. Nxh5 Rxh5 21. Kd2 Be7 22. Rh2 Rdh8 23. Rah1 Kb8 24. Ne2 Bh4 25. Rg2 Bf6 26. Ng1 c5 27. Kd3 Ka7 28. Rg4 Ka6 29. Rh2 Kb5 30. Rhg2 cxd4 31. exd4 Re8 32. R2g3 Re1 33. Ne2 Bh4 34. Rg1 Rxg1 35. Nxg1 Bf2 36. Nf3 Rxh3 37. Ke2 Rg3 38. Rxg3 Bxg3 39. Ke3 f6 40. Ng1 Be1 41. Kd3 Kc6 42. a3 b5 43. Nf3 Bg3 44. Ke3 Kd6 45. b4 Ke6 46. Ng1 Be1 47. Ne2 Kf5 48. Kf3 b6 49. Ke3 Kg4 50. Nc1 Bc3 51. Nd3 Kg3 52. f5 Kg4 53. Ne5+ fxe5 54. f6 Bxd4+ 55. Kd3 Ba1 0-1

[Event "Intermat"]
[Site "Burnaby CAN"]
[Date "2025.06.08"]
[Round "1.14"]
[White "Chua, Zachary"]
[Black "Sankrithi, Sarang"]
[Result "1-0"]
[WhiteElo "1872"]
[BlackElo "1545"]
[WhiteFideId "-1"]
[WhiteFideId "-1"]
[PlyCount "71"]
[GameId "2192962065538188"]
[EventDate "2025.06.08"]
[EventType "match"]
[EventRounds "2"]
[EventCountry "CAN"]
[WhiteTeam "BC"]
[BlackTeam "WA"]

1. d4 d5 2. Bf4 c5 3. e3 cxd4 4. exd4 Nc6 5. Nf3 Bf5 6. Bb5 a6 7. Bxc6+ bxc6 8. Ne5 Rc8 9. c3 e6 10. Qa4 Qb6 11. O-O Qb5 12. Qxb5 axb5 13. h4 Bxb1 14. Raxb1 Be7 15. Bg3 Nf6 16. Ra1 Ne4 17. a4 f6 18. Nd3 Nxg3 19. fxg3 O-O 20. axb5 cxb5 21. Ra6 e5 22. dxe5 fxe5 23. Rxf8+ Rxf8 24. Nxe5 Bc5+ 25. Kh2 Re8 26. Nd3 Rc8 27. Ra5 d4 28. c4 bxc4 29. Rxc5 Rxc5 30. Nxc5 d3 31. Ne4 Kf8 32. Nd2 Ke7 33. Nxc4 Ke6 34. Kg1 Kd5 35. Nd2 Kd4 36. Kf2 1-0

[Event "Intermat"]
[Site "Burnaby CAN"]
[Date "2025.06.08"]
[Round "1.15"]
[White "Liu, Zachary"]
[Black "Cheng, Selina"]
[Result "1-0"]
[WhiteElo "2130"]
[BlackElo "1743"]
[WhiteFideId "-1"]
[WhiteFideId "-1"]
[PlyCount "23"]
[GameId "2192962065546381"]
[EventDate "2025.06.08"]
[EventType "match"]
[EventRounds "2"]
[EventCountry "CAN"]
[WhiteTeam "BC"]
[BlackTeam "WA"]

1. e4 e5 2. Nc3 Nf6 3. f4 d5 4. fxe5 Nxe4 5. Qf3 Nxc3 6. dxc3 Be6 7. Bf4 c6 8. O-O-O Qa5 9. a3 Nd7 10. Ne2 Bc5 11. Qg3 Rg8 12. Kb1 1-0

[Event "Intermat"]
[Site "Burnaby CAN"]
[Date "2025.06.08"]
[Round "1.16"]
[White "Yuan, Jaydon"]
[Black "Raja, Rian"]
[Result "0-1"]
[WhiteElo "1890"]
[BlackElo "1642"]
[WhiteFideId "-1"]
[WhiteFideId "-1"]
[PlyCount "160"]
[GameId "2192962065562766"]
[EventDate "2025.06.08"]
[EventType "match"]
[EventRounds "2"]
[EventCountry "CAN"]
[WhiteTeam "BC"]
[BlackTeam "WA"]

1. e4 e5 2. Nf3 Nc6 3. Bc4 Bc5 4. c3 Nf6 5. d3 d6 6. b4 Bb6 7. a4 a5 8. b5 Nb8 9. O-O O-O 10. Nbd2 Be6 11. Bxe6 fxe6 12. Nc4 Nbd7 13. Re1 Re8 14. Be3 Bxe3 15. fxe3 Nc5 16. Qc2 Qe7 17. Ncd2 Ncd7 18. d4 exd4 19. exd4 e5 20. Ng5 h6 21. Qb3+ Kh8 22. Ngf3 exd4 23. cxd4 c5 24. Nh4 Qe6 25. d5 Qg4 26. Qg3 Qxg3 27. hxg3 Nb6 28. Ng6+ Kh7 29. Nf4 g5 30. Ne6 Re7 31. Re3 Nh5 32. Rc1 Ng7 33. Nxg7 Kxg7 34. Nc4 Nxc4 35. Rxc4 b6 36. Kf2 Re5 37. Rf3 Rae8 38. Ke3 Rxd5 39. Kf2 Rde5 40. Rd3 R8e6 41. Kf3 Kf7 42. Rd1 Ke7 43. Rd3 h5 44. Rd1 Rf6+ 45. Ke2 g4 46. Ke3 Kd7 47. Rc2 Rfe6 48. Rc4 Ke7 49. Kf4 Rf6+ 50. Ke3 Rf8 51. Rc2 Ke6 52. Rcd2 Rd8 53. Kf4 Ke7 54. Rd5 Rf8+ 55. Ke3 Rf6 56. Rxe5+ dxe5 57. Rh1 Rh6 58. Kd3 Rh8 59. Kc3 Kf6 60. Rf1+ Ke6 61. Rh1 Rh6 62. Kc4 Rh7 63. Kc3 Rh8 64. Rh4 Kf6 65. Rh1 Kg6 66. Rd1 Rf8 67. Rd5 Rf2 68. Rxe5 Rxg2 69. Re6+ Kg5 70. Rxb6 Rxg3+ 71. Kc4 Ra3 72. Ra6 Rxa4+ 73. Kxc5 Rxe4 74. b6 g3 75. Ra7 Kh4 76. b7 g2 77. b8=Q g1=Q+ 78. Kc6 Qc1+ 79. Kd7 Qd2+ 80. Kc6 Rc4+ 0-1

[Event "Intermat"]
[Site "Burnaby CAN"]
[Date "2025.06.08"]
[Round "1.17"]
[White "Gao, Justin"]
[Black "Beegala, Keshav"]
[Result "1-0"]
[WhiteElo "2168"]
[BlackElo "1833"]
[WhiteFideId "-1"]
[WhiteFideId "-1"]
[PlyCount "65"]
[GameId "2192962065575055"]
[EventDate "2025.06.08"]
[EventType "match"]
[EventRounds "2"]
[EventCountry "CAN"]
[WhiteTeam "BC"]
[BlackTeam "WA"]

1. e4 c5 2. Nf3 e6 3. d4 cxd4 4. Nxd4 Nc6 5. Nc3 a6 6. Be3 Qc7 7. g4 Bb4 8. Qd2 Nf6 9. f3 h6 10. a3 Ba5 11. Nb3 Ne5 12. Be2 Bb6 13. Bxb6 Qxb6 14. O-O-O Qc7 15. g5 hxg5 16. Qxg5 Ng6 17. Kb1 b6 18. Nd2 b5 19. a4 b4 20. Na2 Rb8 21. Nc4 Rh5 22. Qd2 Rc5 23. Nd6+ Ke7 24. Nxb4 Qb6 25. Nxc8+ Rbxc8 26. Bxa6 Ra8 27. Bb5 Ne5 28. f4 Nc4 29. Qd4 Rxb5 30. axb5 Qa5 31. Qc5+ Ke8 32. Na6 Rxa6 33. Qc8+ 1-0

[Event "Intermat"]
[Site "Burnaby CAN"]
[Date "2025.06.08"]
[Round "1.18"]
[White "Chen, Zhengyu"]
[Black "Liu, Bichen"]
[Result "0-1"]
[WhiteElo "1998"]
[BlackElo "1781"]
[WhiteFideId "-1"]
[WhiteFideId "-1"]
[PlyCount "36"]
[GameId "2192962065583248"]
[EventDate "2025.06.08"]
[EventType "match"]
[EventRounds "2"]
[EventCountry "CAN"]
[WhiteTeam "BC"]
[BlackTeam "WA"]

1. e4 c5 2. Nc3 Nc6 3. Bb5 d6 4. Bxc6+ bxc6 5. f4 g6 6. Nf3 Bg7 7. O-O e6 8. d3 Ne7 9. Qe1 O-O 10. f5 exf5 11. Qh4 f6 12. Bh6 g5 13. Nxg5 Bxh6 14. Qxh6 fxg5 15. exf5 Nxf5 16. Qh5 d5 17. Rae1 Bd7 18. Re5 Qf6 0-1

[Event "Intermat"]
[Site "Burnaby CAN"]
[Date "2025.06.08"]
[Round "1.19"]
[White "Xu, Justin"]
[Black "Scollon, Owen"]
[Result "0-1"]
[WhiteElo "2169"]
[BlackElo "1743"]
[WhiteFideId "-1"]
[WhiteFideId "-1"]
[PlyCount "84"]
[GameId "2192962065599633"]
[EventDate "2025.06.08"]
[EventType "match"]
[EventRounds "2"]
[EventCountry "CAN"]
[WhiteTeam "BC"]
[BlackTeam "WA"]

1. e4 d5 2. exd5 Nf6 3. d4 Bg4 4. f3 Bf5 5. Bd3 Bxd3 6. Qxd3 Qxd5 7. c4 Qd7 8. Nc3 Nc6 9. Be3 O-O-O 10. Nge2 Ne5 11. Qc2 Nxc4 12. Bf2 Nb6 13. Rc1 Nfd5 14. Nxd5 Nxd5 15. a3 e6 16. O-O Bd6 17. Rfd1 g5 18. Nc3 h5 19. Qb3 g4 20. Nb5 Kb8 21. Nxd6 cxd6 22. a4 Rc8 23. Bg3 Rxc1 24. Rxc1 h4 25. Bf2 f5 26. Re1 g3 27. hxg3 hxg3 28. Bxg3 f4 29. Bf2 Qh7 30. Kf1 Qh1+ 31. Ke2 Qxg2 32. Rg1 Qh3 33. Rg7 b6 34. Qa3 Rd8 35. Rf7 Qh5 36. Rf8 Rxf8 37. Qxd6+ Kb7 38. Qxf8 Qh7 39. Kd2 a5 40. Qd6 Nb4 41. Ke1 Qb1+ 42. Ke2 Qd3+ 0-1

[Event "Intermat"]
[Site "Burnaby CAN"]
[Date "2025.06.08"]
[Round "1.20"]
[White "Koo, Minjun"]
[Black "Stroud, Jeb"]
[Result "1-0"]
[WhiteElo "1939"]
[BlackElo "1594"]
[WhiteFideId "-1"]
[WhiteFideId "-1"]
[PlyCount "30"]
[GameId "2192962065611922"]
[EventDate "2025.06.08"]
[EventType "match"]
[EventRounds "2"]
[EventCountry "CAN"]
[WhiteTeam "BC"]
[BlackTeam "WA"]

1. e4 c5 2. Nf3 e6 3. b3 a6 4. Bb2 d6 5. d4 cxd4 6. Nxd4 Nf6 7. Bd3 Be7 8. O-O O-O 9. c4 Qc7 10. Nc3 Nbd7 11. Rc1 b6 12. Kh1 Bb7 13. f4 Kh8 14. f5 exf5 15. Nxf5 Ne5 1-0

[Event "Intermat"]
[Site "Burnaby CAN"]
[Date "2025.06.08"]
[Round "1.22"]
[White "Xu, Joey"]
[Black "Sankrithi, Vivaan"]
[Result "1-0"]
[WhiteElo "1977"]
[BlackElo "1302"]
[WhiteFideId "-1"]
[WhiteFideId "-1"]
[PlyCount "63"]
[GameId "2192962065628307"]
[EventDate "2025.06.08"]
[EventType "match"]
[EventRounds "2"]
[EventCountry "CAN"]
[WhiteTeam "BC"]
[BlackTeam "WA"]

1. c4 e6 2. g3 Nf6 3. Bg2 d5 4. Nf3 Bc5 5. O-O O-O 6. d4 Be7 7. Nc3 c6 8. b3 Nbd7 9. Bb2 Re8 10. Qc2 Nf8 11. Rad1 Bd7 12. e4 h6 13. e5 N6h7 14. h4 a6 15. Nh2 b6 16. f4 g6 17. Nf3 Rc8 18. Qd2 Kg7 19. f5 exf5 20. cxd5 Bb4 21. e6 fxe6 22. dxc6 Bxc6 23. d5 Bc5+ 24. Kh2 exd5 25. Nxd5+ Kg8 26. Qxh6 Rc7 27. Nxc7 Qxc7 28. Ne5 Bxg2 29. Rd7 Qxd7 30. Nxd7 Ne6 31. Qxg6+ Ng7 32. Qxg7# 1-0

[Event "Intermat"]
[Site "Burnaby CAN"]
[Date "2025.06.08"]
[Round "1.24"]
[White "Wang, Daniel"]
[Black "Agaian, Angela"]
[Result "1-0"]
[WhiteElo "1962"]
[BlackElo "1116"]
[WhiteFideId "-1"]
[WhiteFideId "-1"]
[PlyCount "91"]
[GameId "2192962065644692"]
[EventDate "2025.06.08"]
[EventType "match"]
[EventRounds "2"]
[EventCountry "CAN"]
[WhiteTeam "BC"]
[BlackTeam "WA"]

1. e4 c5 2. Nf3 Nc6 3. d4 b6 4. d5 Nb8 5. Bf4 d6 6. Bb5+ Bd7 7. Bxd7+ Nxd7 8. O-O Ngf6 9. Re1 g6 10. e5 dxe5 11. Nxe5 Nxe5 12. Bxe5 Bg7 13. d6 O-O 14. dxe7 Qxe7 15. Bd6 Qd7 16. Bxf8 Qxd1 17. Rxd1 Rxf8 18. Na3 a6 19. Rd6 Rb8 20. Rad1 Rb7 21. Rd8+ Bf8 22. Ra8 a5 23. Rdd8 Kg7 24. Rxf8 Re7 25. f3 g5 26. g4 h5 27. gxh5 Nxh5 28. Rfe8 Rd7 29. Rad8 Nf6 30. Rxd7 Nxd7 31. Re7 Nf6 32. Rb7 Nd5 33. Nc4 Nb4 34. c3 Nxa2 35. Rxb6 a4 36. Rb5 Nc1 37. Rxc5 Kg6 38. Ra5 a3 39. Rxa3 Ne2+ 40. Kf2 Nf4 41. b4 Ne6 42. b5 Nc5 43. b6 Kf6 44. Ra5 Nb7 45. Ra7 Nc5 46. b7 1-0

[Event "Intermat"]
[Site "Burnaby CAN"]
[Date "2025.06.08"]
[Round "1.26"]
[White "Jiang, Kate"]
[Black "Shinkarev, Slava"]
[Result "1-0"]
[WhiteElo "2018"]
[BlackElo "1548"]
[WhiteFideId "-1"]
[WhiteFideId "-1"]
[PlyCount "77"]
[GameId "2192962065656981"]
[EventDate "2025.06.08"]
[EventType "match"]
[EventRounds "2"]
[EventCountry "CAN"]
[WhiteTeam "BC"]
[BlackTeam "WA"]

1. e4 c5 2. c3 d5 3. exd5 Qxd5 4. d4 g6 5. Be3 cxd4 6. cxd4 Bg7 7. Nf3 Nh6 8. Nc3 Qd8 9. Rc1 O-O 10. Bd3 Nc6 11. d5 Nb4 12. Bc4 Nf5 13. O-O b6 14. Bf4 Ba6 15. Bxa6 Nxa6 16. Qe2 Nc7 17. Rfd1 Rc8 18. Ne5 Ne8 19. Nc6 Qd7 20. g4 e5 21. Bxe5 Nh6 22. Bxg7 Kxg7 23. h3 Nd6 24. Qd3 Rfe8 25. Re1 Ng8 26. Qd4+ f6 27. Qf4 b5 28. Nd4 Kf7 29. Re6 Nc4 30. Rxe8 Rxe8 31. Ndxb5 Nxb2 32. Nd6+ Kf8 33. Nxe8 Nd3 34. Qb8 Qe7 35. Nxf6+ Kg7 36. Qxg8+ Kxf6 37. Qh8+ Kg5 38. Rf1 Ne5 39. f4+ 1-0

[Event "Intermat"]
[Site "Burnaby CAN"]
[Date "2025.06.08"]
[Round "2.1"]
[White "Jiang, Callie"]
[Black "Suresh, Yaswitha"]
[Result "1-0"]
[WhiteElo "603"]
[BlackElo "821"]
[WhiteFideId "-1"]
[WhiteFideId "-1"]
[PlyCount "65"]
[GameId "2192962065665174"]
[EventDate "2025.06.08"]
[EventType "match"]
[EventRounds "2"]
[EventCountry "CAN"]
[WhiteTeam "WA"]
[BlackTeam "BC"]

1. e4 e5 2. Nf3 Nc6 3. Bc4 Nf6 4. d3 Bc5 5. Nc3 O-O 6. Be3 Nd4 7. Nxe5 d6 8. Nf3 Bg4 9. h3 Bh5 10. g4 Nxf3+ 11. Qxf3 Bg6 12. g5 Bh5 13. Qf5 Nd7 14. d4 Bg6 15. Qd5 c6 16. dxc5 cxd5 17. Bxd5 dxc5 18. O-O-O Rb8 19. Bc4 Re8 20. Bxc5 Rc8 21. b4 b6 22. Bb5 Rc7 23. Be3 Rxc3 24. Bd4 Qxg5+ 25. Kb2 Rf3 26. Bxd7 Rxe4 27. Be3 Rxb4+ 28. Kc3 Qa5 29. Kd2 Rd4+ 30. Ke2 Rxd1 31. Rxd1 Bxc2 32. Rc1 Be4 33. Rc8# 1-0

[Event "Intermat"]
[Site "Burnaby CAN"]
[Date "2025.06.08"]
[Round "2.2"]
[White "Zeng, Liam"]
[Black "Xing, Vincent"]
[Result "1-0"]
[WhiteElo "665"]
[BlackElo "600"]
[WhiteFideId "-1"]
[WhiteFideId "-1"]
[PlyCount "47"]
[GameId "2192962065673367"]
[EventDate "2025.06.08"]
[EventType "match"]
[EventRounds "2"]
[EventCountry "CAN"]
[WhiteTeam "WA"]
[BlackTeam "BC"]

1. e4 e5 2. f4 d6 3. f5 Nf6 4. Nc3 Be7 5. Be2 O-O 6. d3 Nc6 7. Be3 Bd7 8. Nf3 d5 9. exd5 Na5 10. O-O Bxf5 11. Nxe5 Bb4 12. Rxf5 Nxd5 13. Nxd5 Qxd5 14. Bg4 Nc6 15. Ng6 Qd8 16. Nxf8 Qxf8 17. Qe2 Ne7 18. Rff1 Ng6 19. Bxa7 Rxa7 20. Rxf7 Qxf7 21. Be6 Qxe6 22. Qxe6+ Kf8 23. Rf1+ Nf4 24. Rxf4# 1-0

[Event "Intermat"]
[Site "Burnaby CAN"]
[Date "2025.06.08"]
[Round "2.3"]
[White "Lai, Ryan"]
[Black "Chen, Yuhong"]
[Result "1-0"]
[WhiteElo "1247"]
[BlackElo "1067"]
[WhiteFideId "-1"]
[WhiteFideId "-1"]
[PlyCount "99"]
[GameId "2192962065685656"]
[EventDate "2025.06.08"]
[EventType "match"]
[EventRounds "2"]
[EventCountry "CAN"]
[WhiteTeam "WA"]
[BlackTeam "BC"]

1. d4 d5 2. c4 e6 3. Nc3 Nf6 4. cxd5 exd5 5. Bg5 Bb4 6. Nf3 h6 7. Bh4 Nc6 8. Ne5 g5 9. Bg3 Ne4 10. Nxc6 bxc6 11. Qa4 a5 12. Rc1 Bb7 13. a3 Bxc3+ 14. bxc3 Qd7 15. c4 dxc4 16. Rxc4 h5 17. d5 O-O-O 18. Qc2 Nxg3 19. dxc6 Bxc6 20. fxg3 Bb7 21. e3 Rhe8 22. Kf2 Qe7 23. Qc3 Rd6 24. Be2 Rf6+ 25. Bf3 g4 26. Rc1 c6 27. e4 gxf3 28. gxf3 Kb8 29. Qxa5 Rd8 30. Rb1 Rd3 31. f4 h4 32. Rcb4 Rd2+ 33. Ke1 Rxh2 34. Rxb7+ Qxb7 35. Qd8+ Ka7 36. Rxb7+ Kxb7 37. Qxf6 hxg3 38. Qxf7+ Kb6 39. Qb3+ Ka6 40. Qxg3 Rh1+ 41. Kf2 Rb1 42. Qd3+ Rb5 43. a4 Ka5 44. axb5 cxb5 45. f5 b4 46. f6 b3 47. f7 b2 48. f8=Q Ka4 49. Qb8 Ka5 50. Qa3# 1-0

[Event "Intermat"]
[Site "Burnaby CAN"]
[Date "2025.06.08"]
[Round "2.4"]
[White "Ren, Easton"]
[Black "He, Ron"]
[Result "1-0"]
[WhiteElo "1354"]
[BlackElo "1050"]
[WhiteFideId "-1"]
[WhiteFideId "-1"]
[PlyCount "59"]
[GameId "2192962065693849"]
[EventDate "2025.06.08"]
[EventType "match"]
[EventRounds "2"]
[EventCountry "CAN"]
[WhiteTeam "WA"]
[BlackTeam "BC"]

1. c4 c5 2. Nc3 g6 3. g3 Bg7 4. Bg2 Nc6 5. e3 Nb4 6. d4 cxd4 7. exd4 Bxd4 8. Nge2 Bg7 9. Bf4 d6 10. Qa4+ Nc6 11. Bxc6+ bxc6 12. Qxc6+ Bd7 13. Qg2 Rc8 14. Qe4 Bc6 15. Nd5 Nf6 16. Qd3 Nxd5 17. cxd5 Bd7 18. Nd4 Qb6 19. Nb3 Bxb2 20. Rb1 Bg7 21. O-O Bf5 22. Qe3 Qxe3 23. Bxe3 Bxb1 24. Rxb1 Rc2 25. Na5 O-O 26. Bxa7 Ra8 27. Be3 Rxa5 28. Rb8+ Bf8 29. Bh6 Rc1+ 30. Kg2 1-0